00321nam a2200109Ia 4500008004100000082000800041100002100049245002500070942000600095952009500101999001500196240331s9999 xx 000 0 und d bMON aMontgomery, L.M. 0aAnne of green gables cL 001040708LaWERCLbWERCLcSSCd2024-03-31l0o 823 MONp6851r2024-03-31w2024-03-31yL c5863d5863